|
|
|
|
| LEADER |
00000nam0a2200000 4500 |
| 001 |
50757 |
| 005 |
20231031033543.0 |
| 010 |
|
|
|a 5217031328
|
| 035 |
|
|
|a (RuTPU)RU\TPU\book\53138
|
| 090 |
|
|
|a 50757
|
| 100 |
|
|
|a 20030418d2002 k y0rusy50 ca
|
| 101 |
0 |
|
|a rus
|
| 102 |
|
|
|a RU
|
| 105 |
|
|
|a a g 001zy
|
| 200 |
1 |
|
|a Обработка специальных материалов в машиностроении
|e Справочник
|f В. И. Баранчиков, А. С. Тарапанов, Г. А. Харламов
|g Под ред. В. Ф. Безъязычного
|
| 210 |
|
|
|a Москва
|c Машиностроение
|d 2002
|
| 215 |
|
|
|a 264 с.
|c ил.
|
| 225 |
1 |
|
|a Библиотека технолога
|
| 225 |
1 |
|
|a Современные технологии - современному производству
|
| 320 |
|
|
|a Библиогр.: с. 261-262
|
| 610 |
1 |
|
|a машиностроение
|
| 610 |
1 |
|
|a специальные материалы
|
| 610 |
1 |
|
|a обработка резанием
|
| 610 |
1 |
|
|a электротехнология
|
| 610 |
1 |
|
|a жаропрочные стали
|
| 610 |
1 |
|
|a высокопрочные стали
|
| 610 |
1 |
|
|a антикоррозионные стали
|
| 610 |
1 |
|
|a сплавы
|
| 610 |
1 |
|
|a инструментальные материалы
|
| 610 |
1 |
|
|a пластмассы
|
| 610 |
1 |
|
|a отверствия
|
| 610 |
1 |
|
|a обработка
|
| 610 |
1 |
|
|a инструменты
|
| 610 |
1 |
|
|a режущие материалы
|
| 610 |
1 |
|
|a фрезы
|
| 610 |
1 |
|
|a токарная обработка
|
| 610 |
1 |
|
|a сверление
|
| 610 |
1 |
|
|a фрезерование
|
| 610 |
1 |
|
|a смазочно-охлаждающие вещества
|
| 610 |
1 |
|
|a справочники
|
| 675 |
|
|
|a 621.002.3:669(035)
|v 3
|
| 700 |
|
1 |
|a Баранчиков
|b В. И.
|g Василий Иванович
|
| 701 |
|
1 |
|a Тарапанов
|b А. С.
|g Александр Сергеевич
|
| 701 |
|
1 |
|a Харламов
|b Г. А.
|g Геннадий Андреевич
|
| 702 |
|
1 |
|a Безъязычный
|b В. Ф.
|4 340
|
| 801 |
|
1 |
|a RU
|b 63413507
|c 20030418
|g PSBO
|
| 801 |
|
2 |
|a RU
|b 63413507
|c 20201204
|g PSBO
|
| 942 |
|
|
|c BK
|